000 00503nam a2200133Ia 4500
008 160809s9999 xx 000 0 und d
100 _aTan, Jian.
245 _aVirtual Scene Construction of Large-Scale Cultural Heritage : A Framework Initiated from the Case Study of the Grand Canal of China
245 _cJian Tan and Shenghua Wang.
260 _bComputer Science and Information Technology
260 _cJanuary 2016
650 _xINFORMATION TECHNOLOGY
856 _uhttp://airccse.org/V6N48.html
999 _c300049
_d300049